LEADER 01490nam2 22003973i 450 001 CAG0055737 005 20170908093243.0 100 $a20130722d1973 ||||0itac50 ba 101 | $aita 102 $ait 181 1$6z01$ai $bxxxe 182 1$6z01$an 200 0 $a1$fStendhal 210 $aNovara$cEdipem$dc1973 215 $a186 p.$d19 cm. 225 | $a˜La œnostra biblioteca classica$v34 410 0$1001SBL0018661$12001 $a˜La œnostra biblioteca classica$v34 461 1$1001SBL0602426$12001 $a˜Il œrosso e il nero$fStendhal$v1 700 0$aStendhal$3CFIV011630$033032 702 1$aFabietti$b, Alfredo$3CFIV105521 790 1$aBeyle$b, Henri$3CFIV011631$zStendhal 790 1$aBeyle$b, Marie-Henri$3CFIV209380$zStendhal 790 1$aBombet$b, Louis Alexandre César$3MOLV000193$zStendhal 790 0$aStendal$3SBNV033789$zStendhal 790 1$aBeyle$b, Henry$3SBNV033791$zStendhal 790 1$aBeyle$b, Enrico$3SBNV033793$zStendhal 790 1$aStendhal$b, Henri$3VEAV040518$zStendhal 790 1$aBombet$b, Luigi Alessandro Cesare$3VEAV060780$zStendhal 790 1$aFabietti$b, A.$3LO1V423794$zFabietti, Alfredo 801 3$aIT$bIT-NA0079$c20130722 850 $aIT-SA0238$aIT-NA0661 912 $aCAG0055737 950 2$aBiblioteca comunale Domenico Cirillo$d GNNARRATIVA A5 20.$e GN 0000019375 B 1 v.$fD $h20120216$i20120216 977 $a GN 996 $a1$91483291 997 $aUNISANNIO LEADER 01147nam a2200253 i 4500 001 991000726119707536 005 20020509174621.0 008 010514s1968 be ||| | ger 035 $ab1140095x-39ule_inst 035 $aPARLA214079$9ExL 040 $aDip.to Filosofia$bita 082 0 $a193 100 1 $aKrug, Wilhelm Traugott$0220514 245 10$aUber die verschiednen Methoden des Philosophirens und die verschiednen Systeme der Philosophie in Rücksicht ihrer allgemeinen Gültigkeit :$beine Beylage zum Organon 260 $a[Bruxelles :$bCulture et civilisation,$c1968] 300 $aXIII, 53 p. ;$c19 cm. 490 0 $aAetas Kantiana ;$v159 500 $aRipr. facs. dell'ed.: Meissen : Erbstein, 1802 907 $a.b1140095x$b01-03-17$c01-07-02 912 $a991000726119707536 945 $aLE005IF XLVII E 9$g1$iLE005IFA-2836$lle005$o-$pE0.00$q-$rl$s- $t0$u0$v0$w0$x0$y.i11588093$z01-07-02 996 $aÜber die verschiednen Methoden des Philosophirens und die verschiednen Systeme der Philosophie in Rücksicht ihrer allgemeinen Gültigkeit$9569166 997 $aUNISALENTO 998 $ale005$b01-01-01$cm$da $e-$fger$gbe $h0$i1